| 000 -LEADER |
| fixed length control field |
04227cam a2200649Ia 4500 |
| 001 - CONTROL NUMBER |
| control field |
11446028 |
| 003 - CONTROL NUMBER IDENTIFIER |
| control field |
USPCAS-E |
| 005 - DATE AND TIME OF LATEST TRANSACTION |
| control field |
20180118181420.0 |
| 006 - FIXED-LENGTH DATA ELEMENTS--ADDITIONAL MATERIAL CHARACTERISTICS |
| fixed length control field |
m o d |
| 007 - PHYSICAL DESCRIPTION FIXED FIELD--GENERAL INFORMATION |
| fixed length control field |
cr cn||||||||| |
| 008 - FIXED-LENGTH DATA ELEMENTS--GENERAL INFORMATION |
| fixed length control field |
081223s1998 cau ob 001 0 eng d |
| 020 ## - INTERNATIONAL STANDARD BOOK NUMBER |
| International Standard Book Number |
9780080528052 |
| 020 ## - INTERNATIONAL STANDARD BOOK NUMBER |
| International Standard Book Number |
0080528058 |
| 020 ## - INTERNATIONAL STANDARD BOOK NUMBER |
| International Standard Book Number |
1281025976 |
| 020 ## - INTERNATIONAL STANDARD BOOK NUMBER |
| International Standard Book Number |
9781281025975 |
| 020 ## - INTERNATIONAL STANDARD BOOK NUMBER |
| Canceled/invalid ISBN |
9780124109506 |
| 020 ## - INTERNATIONAL STANDARD BOOK NUMBER |
| Canceled/invalid ISBN |
0124109500 |
| 035 ## - SYSTEM CONTROL NUMBER |
| System control number |
(OCoLC)ocn290927460 |
| 035 ## - SYSTEM CONTROL NUMBER |
| System control number |
(OCoLC)290927460 |
| Canceled/invalid control number |
(OCoLC)162128748 |
| -- |
(OCoLC)171111247 |
| -- |
(OCoLC)648298515 |
| -- |
(OCoLC)742284484 |
| -- |
(OCoLC)823828376 |
| -- |
(OCoLC)823898119 |
| -- |
(OCoLC)824089425 |
| -- |
(OCoLC)824135876 |
| 035 ## - SYSTEM CONTROL NUMBER |
| System control number |
(NNC)11446028 |
| 037 ## - SOURCE OF ACQUISITION |
| Source of stock number/acquisition |
Knovel Corporation |
| Note |
http://www.knovel.com |
| 040 ## - CATALOGING SOURCE |
| Original cataloging agency |
KNOVL |
| Language of cataloging |
eng |
| Description conventions |
pn |
| Transcribing agency |
KNOVL |
| Modifying agency |
IDEBK |
| -- |
OCLCQ |
| -- |
EBLCP |
| -- |
OPELS |
| -- |
N$T |
| -- |
YDXCP |
| -- |
E7B |
| -- |
OCLCQ |
| -- |
KNOVL |
| -- |
ZCU |
| -- |
KNOVL |
| -- |
OCLCF |
| -- |
UIU |
| -- |
OCLCQ |
| -- |
KNOVL |
| -- |
DEBSZ |
| 050 #4 - LIBRARY OF CONGRESS CALL NUMBER |
| Classification number |
TP339 |
| Item number |
.K54 1998eb |
| 070 ## - NATIONAL AGRICULTURAL LIBRARY CALL NUMBER |
| Classification number |
TP360.K49 |
| Item number |
1998 |
| 072 #0 - SUBJECT CATEGORY CODE |
| Subject category code |
P120 |
| 072 #7 - SUBJECT CATEGORY CODE |
| Subject category code |
PDW |
| Source |
bicssc |
| 072 #7 - SUBJECT CATEGORY CODE |
| Subject category code |
TEC |
| Subject category code subdivision |
009010 |
| Source |
bisacsh |
| 082 04 - DEWEY DECIMAL CLASSIFICATION NUMBER |
| Classification number |
662.88 |
| Edition number |
22 |
| Author Mark |
KLA-B 1998 |
| 084 ## - OTHER CLASSIFICATION NUMBER |
| Classification number |
58.21 |
| Number source |
bcl |
| 100 1# - MAIN ENTRY--PERSONAL NAME |
| Personal name |
Klass, Donald L. |
| Relator term |
Auther |
| 245 10 - TITLE STATEMENT |
| Title |
Biomass for renewable energy, fuels, and chemicals |
| Statement of responsibility, etc. |
Donald L. Klass. |
| 260 ## - PUBLICATION, DISTRIBUTION, ETC. |
| Place of publication, distribution, etc. |
San Diego : |
| Name of publisher, distributor, etc. |
Academic Press, |
| Date of publication, distribution, etc. |
©1998. |
| 300 ## - PHYSICAL DESCRIPTION |
| Extent |
(xv, 651 pages) |
| 502 ## - DISSERTATION NOTE |
| Dissertation note |
. |
| 504 ## - BIBLIOGRAPHY, ETC. NOTE |
| Bibliography, etc. note |
Includes bibliographical references and index. |
| 505 0# - FORMATTED CONTENTS NOTE |
| Formatted contents note |
Preface. Energy Consumption, Reserves, Depletion, Environmental Issues. Biomass as an Energy Resource: Concept and Markets. Photosynthesis of Biomass and Its Conversion-Related Properties. Virgin Biomass Production. Waste Biomass Abundance, Energy Potential, and Availability. Physical Conversion Processes. Thermal Coversion: Combustion. Thermal Conversion: Pyrolysis and Liquefaction. Thermal Converstion: Gasification. Natural Biochemical Liquefaction. Synthetic Oxygenated Liquid Fuels. Microbial Conversion: Gasification. Organic Commodity Chemicals from Biomass. Integrated Biomass Production-Conversion Systems and Net Energy Production. Epilogue. Appendices. Subject Index. |
| 520 ## - SUMMARY, ETC. |
| Summary, etc. |
Biomass for Renewable Energy, Fuels, and Chemicals serves as a comprehensive introduction to the subject for the student and educator, and is useful for researchers who are interested in the technical details of biomass energy production. The coverage and discussion are multidisciplinary, reflecting the many scientific and engineering disciplines involved. The book will appeal to a broad range of energy professionals and specialists, farmers and foresters who are searching for methods of selecting, growing, and converting energy crops, entrepreneurs who are commercializing biomass energy projects, and those involved in designing solid and liquid waste disposal-energy recovery systems. Key Features * Presents a graduated treatment from basic principles to the details of specific technologies * Includes a critical analysis of many biomass energy research and commercialization activities * Proposes several new technical approaches to improve efficiencies, net energy production, and economics * Reviews failed projects, as well as successes, and methods for overcoming barriers to commercialization * Written by a leader in the field with 40 years of educational, research, and commercialization experience. |
| 650 #0 - SUBJECT ADDED ENTRY--TOPICAL TERM |
| Topical term or geographic name entry element |
Biomass energy. |
| 650 #0 - SUBJECT ADDED ENTRY--TOPICAL TERM |
| Topical term or geographic name entry element |
Biomass chemicals. |
| 650 #7 - SUBJECT ADDED ENTRY--TOPICAL TERM |
| Topical term or geographic name entry element |
TECHNOLOGY & ENGINEERING |
| General subdivision |
Chemical & Biochemical. |
| Source of heading or term |
bisacsh |
| 650 #7 - SUBJECT ADDED ENTRY--TOPICAL TERM |
| Topical term or geographic name entry element |
Biomass chemicals. |
| Source of heading or term |
fast |
| 650 #7 - SUBJECT ADDED ENTRY--TOPICAL TERM |
| Topical term or geographic name entry element |
Biomass energy. |
| Source of heading or term |
fast |
| 650 17 - SUBJECT ADDED ENTRY--TOPICAL TERM |
| Topical term or geographic name entry element |
Biomassa. |
| Source of heading or term |
gtt |
| 650 17 - SUBJECT ADDED ENTRY--TOPICAL TERM |
| Topical term or geographic name entry element |
Vergassing. |
| Source of heading or term |
gtt |
| 650 17 - SUBJECT ADDED ENTRY--TOPICAL TERM |
| Topical term or geographic name entry element |
Conversie. |
| Source of heading or term |
gtt |
| 650 17 - SUBJECT ADDED ENTRY--TOPICAL TERM |
| Topical term or geographic name entry element |
Duurzame energie. |
| Source of heading or term |
gtt |
| 650 17 - SUBJECT ADDED ENTRY--TOPICAL TERM |
| Topical term or geographic name entry element |
Brandstoffen. |
| Source of heading or term |
gtt |
| 650 17 - SUBJECT ADDED ENTRY--TOPICAL TERM |
| Topical term or geographic name entry element |
Waterstof. |
| Source of heading or term |
gtt |
| 650 17 - SUBJECT ADDED ENTRY--TOPICAL TERM |
| Topical term or geographic name entry element |
Microbiologie. |
| Source of heading or term |
gtt |
| 650 17 - SUBJECT ADDED ENTRY--TOPICAL TERM |
| Topical term or geographic name entry element |
Duurzame ontwikkeling. |
| Source of heading or term |
gtt |
| 650 #7 - SUBJECT ADDED ENTRY--TOPICAL TERM |
| Topical term or geographic name entry element |
Online-Publikation. |
| Source of heading or term |
swd |
| 655 #4 - INDEX TERM--GENRE/FORM |
| Genre/form data or focus term |
Electronic books. |
| 776 08 - ADDITIONAL PHYSICAL FORM ENTRY |
| Relationship information |
Print version: |
| Main entry heading |
Klass, Donald L. |
| Title |
Biomass for renewable energy, fuels, and chemicals. |
| Place, publisher, and date of publication |
San Diego : Academic Press, ©1998 |
| International Standard Book Number |
0124109500 |
| Record control number |
(DLC) 98084422 |
| -- |
(OCoLC)39628617 |
| 856 40 - ELECTRONIC LOCATION AND ACCESS |
| Uniform Resource Identifier |
<a href="http://www.columbia.edu/cgi-bin/cul/resolve?clio11446028">http://www.columbia.edu/cgi-bin/cul/resolve?clio11446028</a> |
| Public note |
ACADEMIC - Sustainable Energy & Development |
| 942 ## - ADDED ENTRY ELEMENTS (KOHA) |
| Source of classification or shelving scheme |
|
| Koha item type |
Book |